000 00377nam a22001577a 4500
003 OSt
008 240328b |||||||| |||| 00| 0 eng d
020 _a9788120344716
082 _a621.3 SIE
100 _aSINGH,Ajay Kumar
245 _aElectronic Devices and Integrated Circuits
250 _a2nd Ed
260 _aNew Delhi
_bPHI
_c2013
300 _a594
942 _2ddc
_cREF
999 _c12327
_d12327